000 00721nam a2200265 i 4500
001 C2-0233518
003 PPAK
005 20180727194309.0
008 010528s2001 my |||| ||||| | may d
020 _a9836271678
040 _aPPAK
_beng
_cPPAK
_erda
082 0 4 _a899.231
_223
090 0 0 _a899.231
_bAZI
_dG
090 0 0 _a899.231
_bAZI
_dKAR
090 0 0 _a899.231
_bAZI
_dKIH
100 0 _aAziz Deraman,
_eauthor
245 1 0 _aBahtera madani : kumpulan puisi
264 1 _aKuala Lumpur :
_bDewan Bahasa dan Pustaka ,
_c2001
300 _axxix, 162 pages ;
_c22 cm
336 _2rdacontent
_atext
337 _2rdamedia
_aunmediated
338 _2rdacarrier
_avolume
650 1 0 _aMalay poetry
942 _ddc
_cB
999 _c50007
_d50007